Normal view
MARC view
Entry Personal Name
001 - CONTROL NUMBER
- control field: 977955
003 - CONTROL NUMBER IDENTIFIER
- control field:
005 - DATE AND TIME OF LATEST TRANSACTION
- control field: 20210627113156.0
008 - FIXED-LENGTH DATA ELEMENTS
- fixed length control field: 210627|| aca||aabn | a|a d
040 ## - CATALOGING SOURCE
- Original cataloging agency:
- Transcribing agency:
100 ## - HEADING--PERSONAL NAME
- Personal name: Gieseking, John Eldon,
- Dates associated with a name: 1905-
670 ## - SOURCE DATA FOUND
- Source citation: Work cat.: ()857587: Gieseking, John Eldon, 1905-, Soil components /, 1975
